000 00762nam a2200205Ii 4500
003 JO-AjNU
008 230605s9999||||xx |||||||||||||| ||und||
040 _aJO-AjNU
_bara
_erda
_cJO-AjNU
041 _aara
050 1 4 _aHF5655.A7.D34 2008
100 3 _aتأليف: الدلاهمة، سليمان مصطفى,
_eauthor
_927565
245 0 0 _aمبادىء واساسيات علم المحاسبة
250 _aط1
264 3 1 _aعمان: مؤسسة الوراق للنشر والتوزيع، 2008
300 _a411ص
_bيحتوي على مصطلحات وملاحق وببلوغرافية من ص399-411ص
336 _atext
_btxt
_2rdacontent
337 _aunmediated
_bn
_2rdamedia
338 _avolume
_bnc
_2rdacarrier
650 4 _aالمحاسبة
_927566
999 _aA10587
_c14155
_d14155